<?xml version="1.0" encoding="UTF-8"?>
<record
    xmlns:xsi="http://www.w3.org/2001/XMLSchema-instance"
    xsi:schemaLocation="http://www.loc.gov/MARC21/slim http://www.loc.gov/standards/marcxml/schema/MARC21slim.xsd"
    xmlns="http://www.loc.gov/MARC21/slim">

  <leader>02285nam a22002297a 4500</leader>
  <controlfield tag="005">20220208145620.0</controlfield>
  <controlfield tag="008">220208b           ||||| |||| 00| 0 eng d</controlfield>
  <datafield tag="020" ind1=" " ind2=" ">
    <subfield code="a">9780773524194</subfield>
  </datafield>
  <datafield tag="040" ind1=" " ind2=" ">
    <subfield code="c">AL</subfield>
  </datafield>
  <datafield tag="041" ind1=" " ind2=" ">
    <subfield code="a">English</subfield>
  </datafield>
  <datafield tag="082" ind1=" " ind2=" ">
    <subfield code="2">23</subfield>
    <subfield code="a">321.02</subfield>
    <subfield code="b">GRIH</subfield>
  </datafield>
  <datafield tag="100" ind1=" " ind2=" ">
    <subfield code="a">Ann L Griffiths and others</subfield>
    <subfield code="9">17960</subfield>
  </datafield>
  <datafield tag="245" ind1=" " ind2=" ">
    <subfield code="a">Handbook of Federal Countries 2002</subfield>
  </datafield>
  <datafield tag="260" ind1=" " ind2=" ">
    <subfield code="a">London</subfield>
    <subfield code="b">Mcgill queens university press</subfield>
    <subfield code="c">2002</subfield>
  </datafield>
  <datafield tag="300" ind1=" " ind2=" ">
    <subfield code="a">xiv,513 p.</subfield>
    <subfield code="b">HB</subfield>
    <subfield code="c">22x15 cm.</subfield>
  </datafield>
  <datafield tag="365" ind1=" " ind2=" ">
    <subfield code="c"> &#xA3;</subfield>
    <subfield code="d"> &#xA3;42.00</subfield>
  </datafield>
  <datafield tag="520" ind1=" " ind2=" ">
    <subfield code="a">For more than two centuries federalism has provided an example of how people can live together even as they maintain their diversity. While the implosion of the former Yugoslavia illustrates that federalism is not, and cannot be, a panacea, its abiding success in other countries shows that it is a system worth examining. The Handbook of Federal Countries, 2002, a project of the Forum of Federations &#x2013; an international network that seeks to strengthen democratic governance by promoting dialogue on and understanding of the values, practices, principles, and possibilities of federalism &#x2013; does exactly this, incorporating available information about existing federations in one place for easy, convenient reference.The Handbook of Federal Countries, 2002 includes articles on the twenty-one countries that classify themselves as federations as well as four whose systems incorporate sufficient elements of federalism that it is useful to include them. These articles &#x2013; written by authors around the world &#x2013; examine the development, institutions, constitutions, and dynamics of federalism and include tables containing current political/geographic and economic/social information. The Handbook also includes four comparative papers, each of which examines a theme of concern to federal countries: foreign policy in an era of globalization that increasingly encroaches on the jurisdiction of constituent units and demands their active participation; use of federalism to accommodate minorities; distribution of resources and power (fiscal federalism); and issues relating to regional autonomy and federalism in a European context.</subfield>
  </datafield>
  <datafield tag="650" ind1=" " ind2=" ">
    <subfield code="a"> Federal government</subfield>
    <subfield code="9">17951</subfield>
  </datafield>
  <datafield tag="700" ind1=" " ind2=" ">
    <subfield code="a">GRIFFITHS (Ann L) ed</subfield>
    <subfield code="9">17952</subfield>
  </datafield>
  <datafield tag="700" ind1=" " ind2=" ">
    <subfield code="a">NERENBERG (Karl)</subfield>
    <subfield code="9">17953</subfield>
  </datafield>
  <datafield tag="942" ind1=" " ind2=" ">
    <subfield code="2">ddc</subfield>
    <subfield code="c">GF</subfield>
  </datafield>
  <datafield tag="999" ind1=" " ind2=" ">
    <subfield code="c">221451</subfield>
    <subfield code="d">221451</subfield>
  </datafield>
  <datafield tag="952" ind1=" " ind2=" ">
    <subfield code="0">0</subfield>
    <subfield code="1">0</subfield>
    <subfield code="2">ddc</subfield>
    <subfield code="4">0</subfield>
    <subfield code="7">0</subfield>
    <subfield code="8">PS</subfield>
    <subfield code="a">AL</subfield>
    <subfield code="b">AL</subfield>
    <subfield code="d">2013-03-23</subfield>
    <subfield code="l">0</subfield>
    <subfield code="o">321.02 GRIH</subfield>
    <subfield code="p">GF01389</subfield>
    <subfield code="r">2022-02-08 00:00:00</subfield>
    <subfield code="v">0.00</subfield>
    <subfield code="w">2022-02-08</subfield>
    <subfield code="y">GF</subfield>
  </datafield>
</record>
